BIBLIOTHÈQUE DE LA MAISON DU MEXIQUE

Logo 1 Logo 2

Crisis económico - financiera (notice nᵒ 8895)

détails MARC
000 -Sello discográfico
campo de control de longitud fija 01198nam a2200349 4500
005 - Identificación de versión
campo de control 20251016085110.0
010 ## - Número Estándar Internacional de Libros (ISBN)
Número (ISBN) 968-16-4912-5
035 ## - Otros números de control del sistema
Número de control del sistema 29791
099 ## - fechas locales
Tipo de ítem Koha LIBRO
100 ## - Datos de procesamiento general
Datos de procesamiento general 20021212d19981996m y1spay5003 ba
105 ## - Campo de datos codificados: Material textual, monográfico
Datos codificados de monografía y 001zy
200 1# - Título y mención de responsabilidad
Título propio Crisis económico - financiera
Designación general del material texto impreso
Otra información del título 1994-1995
Primer mención de responsabilidad Leopoldo Solís
205 ## - Declaración de edición
Declaración de edición 1a reimpr de la 1a ed
210 ## - Publicación, distribución, etc.
Lugar de publicación, distribución, etc. México
Nombre del editor, distribuidor, etc. El Colegio de México
-- Fondo de Cultura Económica
Fecha de publicación, distribución, etc. 1998
215 ## - Descripción física
Designación de material específico y extensión del ítem 199 p
Dimensiones 21 cm
300 ## - Notas generales
Texto de la nota Incluye bibliografías
345 ## - Nota de información de adquisición
Fuente de adquisición/dirección de la suscripción [OBSOLETO] Donación
410 #1 - Series
Título Sección de Obras de Economía Latinoamericana
606 ## - Término temático usado como materia
Elemento de entrada Crisis financieras
Subdivisión geográfica México
Subdivisión cronológica 1994-
Número Koha 15086
606 ## - Término temático usado como materia
Elemento de entrada Deuda exterior
Subdivisión geográfica México
Número Koha 556
607 ## - Nombre geográfico utilizado como tema
Elemento de entrada México
Subdivisión temática Condiciones económicas
Subdivisión cronológica 1994-
Número Koha 3150
607 ## - Nombre geográfico utilizado como tema
Elemento de entrada México
Subdivisión temática Política económica
Subdivisión cronológica 1994-
Número Koha 11546
660 ## - Código de área geográfica
Código MX
700 ## - Nombre personal - Responsabilidad primaria
Elemento de entrada Solís Manjarréz
Parte del nombre distinta del elemento de entrada Leopoldo
Fechas 1928-2021
Número Koha 14272
801 #0 - Fuente de origen
Agencia cm
900 ## -
-- 1/3227
900 ## -
-- 7100215017\121202
942 ## - ELEMENTOS DE ENTRADA SECUNDARIOS (KOHA)
Tipo de ítem Koha Livre
996 ## -
-- MEX
-- 751145101
-- MMAG
-- 008785
-- 338.54 S687C
-- 20231019LIV
Exemplaires
Estatus retirado Estado de daño Estado de pérdida Fecha de adquisición Biblioteca de origen Biblioteca actual Ubicación en estantería Código de barras Precio de reemplazo Signatura topográfica completa No para préstamo Tipo de ítem Koha Nota pública Nota no pública
      05/08/2025 Casa México Paris Casa México Paris   008785 05/08/2025 338.54 S687C   Livre 20231019LIV 751145101